000 00296nam a22001337a 4500
008 180924b xxu||||| |||| 00| 0 eng d
020 _a9780023632600
041 _aeng
080 _23 ED
_a941
100 _a16
101 _aHIS
245 _aThe Western Heritage
_cKagan.D
942 _2udc
_cBK
999 _c48353
_d48353